000 00430nam a22001817a 4500
005 20231031160616.0
008 231031b |||||||| |||| 00| 0 eng d
020 _a978-81-7505-305-2
041 _aeng
082 _a370.11
100 _aVIVEKANANDA, SWAMI
_98212
245 _aMY IDEA OF EDUCATION
250 _a15TH, ED. 2023
260 _aKOLKATA
_bADVAITA ASHRAMA
300 _a128,p
650 _amanagement
942 _cBK
999 _c8429
_d8427